000 01058cam a22003138i 4500
999 _c4616
_d4616
003 OSt
005 20220325085114.0
008 211017s2022 nyu b 001 0 eng
020 _a0192622838
040 _cALUPE UNIVERSITY COLLEGE
042 _apcc
050 0 0 _aTN870.57
_b.S75 2022
100 1 _aSrinivasan, Sanjay,
245 1 0 _aPetroleum reservoir modeling and simulation :
_bgeology, geostatistics, and performance prediction /
_cSanjay Srinivasan, Julianna Leung.
263 _a2201
264 1 _aNew York :
_bMcGraw Hill,
_c[2022]
300 _apages cm
336 _atext
_btxt
_2rdacontent
337 _aunmediated
_bn
_2rdamedia
338 _avolume
_bnc
_2rdacarrier
504 _aIncludes bibliographical references and index.
520 _cProvided by publisher.
650 0 _aOil reservoir engineering
_xMathematical models.
650 0 _aPetroleum
_xGeology
_xMathematical models.
700 1 _aLeung, Julianna,
_eauthor.
906 _a7
_bcbc
_corignew
_d1
_eecip
_f20
_gy-gencatlg
942 _2lcc
_cBK
_nPW